000
00265nam a2200097Ia 4500
008
230907s9999||||xx |||||||||||||| ||und||
082
_a
333.7
_b
FIN
245
0
_a
Finance and the macroeconomics of environmental policies /
300
_a
xiii, 320 pages ;
942
_c
BK
999
_c
597784
_d
597784